000 00541nam a2200217 a 4500
001 000048271
003 DO-SdBNP
005 20230315120622.0
007 ta
008 181211s2004 dr r 000 spa d
020 _a9993435155A
040 _aDO-SdBNP
_bspa
_cBNPHU
082 4 _222
245 0 0 _aPropuestas de descentralización del estado dominicano
260 _aSanto Domingo :
_bCONARE,
_c2004.
300 _a291 p. ;
_c23 cm.
500 _a
590 _aInventariado, 2023/BT
910 _aBtavárez
942 _2ddc
_cLBS1
999 _c47759
_d47759